Statistics for Thomas And Friends Characters

Click here to take the quiz!

General Stats

  • This quiz has been taken 109 times
  • The average score is 22 of 27

Answer Stats

Answer% Correct
Thomas
100%
Toby
98%
Percy
95%
Emily
93%
Gordon
93%
James
93%
Cranky
92%
Henry
91%
Spencer
91%
Diesel
90%
Hiro
88%
Salty
87%
Harold
86%
Harvey
86%
Rusty
86%
Duncan
80%
Bertie
78%
Mavis
78%
Stanley
77%
Flynn
73%
Toad
73%
Rheneas
70%
Caitlin
64%
Dart
62%
Ashima
60%
Proteus
55%
Raul
49%

Score Distribution

Percentile by Number Answered

Percent of People with Each Score

Your Score History

You have not taken this quiz